000 01861nam a22002177a 4500
001 6823
003 FISKH
005 20250529144916.0
008 250529b cb ||||| |||| 00| 0 eng d
020 _a9789995099480
040 _aFISKH
_bkhr
_cFISKH
_dFISKH
082 _a790
100 _aVirak, Thorng
245 _aសន្ទនា​ការធ្វើដំណើរនិងអ្នកទេសចរ​ /
_cរៀបរៀងដោយលោក​ ថង វិរ: និងលោក ស៊ូ ភីរ:
260 _aភ្នំពេញ :
_bបណ្ណាគារ នគរធំ ,
_c2014.
300 _a289 pages :
_billustrations ;
_c16 cm .
520 _aសៀវភៅនេះត្រូវបានរៀបចំតាក់តែងឡើង ក្នុងគោលបំនងបំពេញដល់សេចក្តីត្រូវការរបស់លោកអ្នក ដែលមានបញ្ហាក្នុងការប្រើប្រាស់ភាសាអង់គ្លេស ដើម្បីធ្វើការទំនាក់ទំនង ក្នុងសកម្មភាពរស់នៅប្រចាំថ្ងៃ​​ ក្នុងការធ្វើជំនួញនិងប្រកបអាជីវកម្មផ្សេងៗ ក៏ដូចជាការធ្វើដំណើរទៅកាន់កន្លែងកំសាន្តនានាឯបរទេសជាដើម ។​
520 _a"This book has been written and compiled with the intention of fulfilling the needs of readers who face difficulties in using the English language to communicate in daily life activities, in conducting business and other professional transactions, as well as when traveling to various tourist destinations abroad."
942 _2ddc
_cBK
_n0
999 _c6823
_d6823